Nước quả ép chữa bệnh, phương thức từ thiên nhiên tăng cường sức khoẻ và tuổi thọ = Juicing therapy, nature's way to better health and a long life

Saved in:
Bibliographic Details
Main Author: Bernard Jensen
Format: Book
Language:Undetermined
Published: H. Phụ Nữ 2002
Subjects:
Tags: Add Tag
No Tags, Be the first to tag this record!
Institutions: Trung tâm Học liệu Trường Đại học Cần Thơ
LEADER 00685nam a2200181Ia 4500
001 CTU_54420
008 210402s9999 xx 000 0 und d
020 |b 20000 
082 |a 613.2 
082 |b J54 
100 |a Bernard Jensen 
245 0 |a Nước quả ép chữa bệnh, phương thức từ thiên nhiên tăng cường sức khoẻ và tuổi thọ = Juicing therapy, nature's way to better health and a long life 
245 0 |c Bernard Jensen; Đặng Anh Thư biên dịch 
260 |a H. 
260 |b Phụ Nữ 
260 |c 2002 
650 |a diet therapy,nutrition,fruit juices 
980 |a Trung tâm Học liệu Trường Đại học Cần Thơ